Internet data collection / (Record no. 294107)
[ view plain ]
| 000 -LEADER | |
|---|---|
| fixed length control field | 00634nam a2200229Ia 4500 |
| 008 - FIXED-LENGTH DATA ELEMENTS--GENERAL INFORMATION | |
| fixed length control field | 160517s9999 xx 000 0 und d |
| 020 ## - INTERNATIONAL STANDARD BOOK NUMBER | |
| International Standard Book Number | 0-7619-2710-7 |
| 050 ## - LIBRARY OF CONGRESS CALL NUMBER | |
| Classification number | ComSc ZA 4228 |
| 050 ## - LIBRARY OF CONGRESS CALL NUMBER | |
| Item number | .B47 2004 |
| 100 ## - MAIN ENTRY--PERSONAL NAME | |
| Personal name | Best, Samuel J. |
| 245 ## - TITLE STATEMENT | |
| Title | Internet data collection / |
| 245 ## - TITLE STATEMENT | |
| Statement of responsibility, etc | Samuel J. Best. |
| 260 ## - PUBLICATION, DISTRIBUTION, ETC. (IMPRINT) | |
| Place of publication, distribution, etc | London : |
| 260 ## - PUBLICATION, DISTRIBUTION, ETC. (IMPRINT) | |
| Name of publisher, distributor, etc | Sage Pub., |
| 260 ## - PUBLICATION, DISTRIBUTION, ETC. (IMPRINT) | |
| Date of publication, distribution, etc | 2004 |
| 300 ## - PHYSICAL DESCRIPTION | |
| Extent | 91 pages : |
| 300 ## - PHYSICAL DESCRIPTION | |
| Other physical details | ill. ; |
| 300 ## - PHYSICAL DESCRIPTION | |
| Dimensions | 22 cm. |
| 440 ## - SERIES STATEMENT/ADDED ENTRY--TITLE | |
| Title | Sage university papers series. Quantitative applications in the social sciences |
| 500 ## - GENERAL NOTE | |
| General note | Includes bibliographical references. |
| 650 ## - SUBJECT ADDED ENTRY--TOPICAL TERM | |
| Topical term or geographic name as entry element | Internet research. |
| Withdrawn status | Lost status | Damaged status | Home library | Current library | Shelving location | Date acquired | Total Checkouts | Full call number | Barcode | Date last seen | Price effective from | Koha item type |
|---|---|---|---|---|---|---|---|---|---|---|---|---|
| South Mansfield College | South Mansfield College | 03/07/2005 | ComSc ZA 4228 .B47 2004 | SMC01887 | 05/17/2016 | 05/17/2016 |